000 01809nam0a2200349 i 4500
001 RU\NLR\BIBL_A\010005423
005 20260406114822.0
021 _aRU
_b2013-80004
_95525
035 _a(NILC)RuMoRGB-006677183
035 _a(NLR Aleph) 010005423
090 _a9821987
_c9821987
100 _a20131119d2012 um y0rusy50 ca
101 0 _arus
102 _aRU
105 _aa||||||||||||
200 1 _aЛокальная гипертермия при лечении поздних лучевых повреждений
_eметодические рекомендации
_fФедер. гос. бюджет. учреждение "Мед. радиол. науч. центр" М-ва здравоохранения и соц. развития Рос. Федерации
_f[Курпешев Оразахмет Керимбаевич, д.м.н. и др.]
210 _aОбнинск
_cФГБУ МРНЦ Минздравсоцразвития России
_d2012
215 _a17 с.
_cил., цв. ил.
_d21
320 _aБиблиогр.: с. 12 (21 назв.)
606 _aФиброз после лучевых повреждений
_jМетодические пособия
_xТерапия гипертермией
_92172812
_3RU\NLR\AUTH\6601543339
675 _a616-001.28-08(083.131)
686 1 _aР365.18я9
686 1 _aР368-2-544я8
702 1 _aКурпешев
_bО. К.
_gОразахмет Керимбаевич
_4220
712 0 2 _4570
_aМедицинский радиологический научный центр им. А. Ф. Цыба
_cОбнинск
_3RU\NLR\AUTH\8811091
_9294832
801 0 _aRU
_bRuMoRKP
_c20131003
_gRCR
801 2 _aRU
_bРГБ
_c20131022
_grcr
801 1 _aRU
_bRuMoRKP
_c20131003
_2rusmarc
942 _cBOOK
980 _aNBR